000 00613nam a2200229Ia 4500
003 OSt
005 20221007075647.0
006 a|||||r|||| 00| 0
007 ta
008 221006b |||||||| |||| 00| 0 eng d
024 _a15,972
037 _cTextual
040 _aFLL
_cFLL
_beng
041 _2eng
_aeng
082 _aX72.1.N83, M4
100 _aMongia J.N. Au.
_9687836
245 0 _aTax patterns around the globe
260 _aNew Delhi
_bNeera Enterprises India
_c1984
300 _a672p
_ccm.
942 _hX72.1.N83, M4
_cTEXL
_2CC
999 _c1156919
_d1156919